| 000 | 01629nam a2200241Ia 4500 | ||
|---|---|---|---|
| 001 | 16052 | ||
| 003 | GE_BSU | ||
| 008 | 181216s||||||||xx |||||||||||||| ||und|| | ||
| 040 | _cGE_BSU | ||
| 080 | _a821.353.1-1 | ||
| 100 | _aჯინჯიხაძე, ჯემალ | ||
| 245 | _aტკივილი. [წ.] 3. ჩემი ქაოსი | ||
| 245 | _bლექსები | ||
| 245 | _cრედ. ოთარ მიქიაშვილი. | ||
| 260 | _aთბილისი | ||
| 260 | _bეგრისი | ||
| 260 | _c1998 | ||
| 300 | _a72 გვ.21 სმ. | ||
| 653 | _aგონს, გევედრებით, მოდით, მეფენო!; ჩემი ჯაკონდა; ***აჰა, მე მოველ!; ცისფერ თვალთა სევდიანი მზერით; ისე შორსა ხართ; ***ნატყვიარ ფიქრებს; ჩემი ჩუმი ჩერო; დაუშვით აფრები!; გზა ხშირად უსაგნო ბინდია; ვეძებ იმედებს; ***ო, ნუ მომაყრი; არ მელოდა; ოცნების ქარგავ!; | ||
| 653 | _aტკივილი | ||
| 653 | _aშენით და მხოლოდ შენით!; მდუმარე ღამით; გულო, კენტო და ცალო!; დროო, საპყარო!; მე გელი ახლაც; ***ნათლის და ბნელის; ტამარი ტოკავს [და სხვ.] | ||
| 942 | _cBK | ||
| 999 |
_c49142 _d49142 |
||